| 000 | 00803nas a2200241 4500 | ||
|---|---|---|---|
| 001 | BR0303049 | ||
| 003 | BR-BrBNA | ||
| 005 | 20231205103856.0 | ||
| 007 | ta | ||
| 008 | 230509b bl.|||p| |||| 00| 00por d | ||
| 040 |
_aBR-BrBNA _bpor _cBiblioteca Nacional de Agricultura |
||
| 041 | _a(Pt) | ||
| 072 | _aD10; E16 | ||
| 100 | 1 | _aSantos, C.R.C. | |
| 100 | 1 | _aSantos, H.N. | |
| 245 | 1 | _aTomada de decisão sob critérios múltiplos: metodologias e oportunidades de aplicação no agribusiness, parte 2 | |
| 650 | _aTOMADA DE DECISÃO | ||
| 650 | _aADMINISTRAÇÃO PÚBLICA | ||
| 650 | _aAGRIBUSINESS | ||
| 773 | 0 |
_tRevista Brasileira de Agroinformática (Brazil) _xISSN 1517-3267 _g(May-Aug 1999), v. 2(2) p. 83-94 _wBR0303049 |
|
| 909 |
_a202311 _bLúcia _c55 _dLúcia Elande |
||
| 942 |
_2AGRIS _n0 _cANA |
||
| 999 |
_c175202 _d175202 |
||